| 000 | 00373nam a22001457a 4500 | ||
|---|---|---|---|
| 003 | OSt | ||
| 008 | 210914b ||||| |||| 00| 0 eng d | ||
| 020 | _a9789383305766 | ||
| 082 |
_a631.7 _bBIS/DR |
||
| 100 |
_aBiswas,Ranajit Kumar _91082 |
||
| 245 | _aDrip and Sprinkler Irrigation | ||
| 260 |
_aNew Delhi _bNew India Publishing Agency _c2015 |
||
| 300 | _a279 | ||
| 942 | _cBK | ||
| 999 |
_c14621 _d14621 |
||